[Event "HUN-chT2 Erkel 1819"]
[Site "Hungary"]
[Date "2019.02.10"]
[Round "5.1"]
[White "Orgovan, Sandor"]
[Black "Kovacs, Zsolt1111"]
[Result "1/2-1/2"]
[WhiteElo "2148"]
[BlackElo "2142"]
[PlyCount "25"]
[EventDate "2018.10.28"]
[EventType "team-tourn"]
[EventRounds "9"]
[EventCountry "HUN"]
[SourceTitle "EXT 2021"]
[Source "ChessBase"]
[SourceDate "2020.10.23"]
[SourceVersion "1"]
[SourceVersionDate "2020.10.23"]
[SourceQuality "1"]
[WhiteTeam "Varosgazda Akademia"]
[BlackTeam "Andornaktalya"]
[WhiteTeamCountry "HUN"]
[BlackTeamCountry "HUN"]

1. c4 Nc6 2. d4 e5 3. dxe5 Nxe5 4. e3 Nf6 5. Nc3 Bc5 6. Be2 0-0 7. Nf3 Ng6 8. 0-0 d6 9. b3 Bd7 10. Bb2 Re8 11. Nd5 Nxd5 12. cxd5 Qe7 13. Bd3 1/2-1/2

[Event "HUN-chT2 Erkel 1819"]
[Site "Hungary"]
[Date "2019.01.27"]
[Round "4.1"]
[White "Grimm, Daniel"]
[Black "Orgovan, Sandor"]
[Result "1/2-1/2"]
[WhiteElo "2288"]
[BlackElo "2148"]
[PlyCount "136"]
[EventDate "2018.10.28"]
[EventType "team-tourn"]
[EventRounds "9"]
[EventCountry "HUN"]
[SourceTitle "EXT 2021"]
[Source "ChessBase"]
[SourceDate "2020.10.23"]
[SourceVersion "1"]
[SourceVersionDate "2020.10.23"]
[SourceQuality "1"]
[WhiteTeam "Budapest EAC"]
[BlackTeam "Varosgazda Akademia"]
[WhiteTeamCountry "HUN"]
[BlackTeamCountry "HUN"]

1. e4 c5 2. Nf3 d6 3. d4 cxd4 4. Qxd4 a6 5. h3 Nc6 6. Qe3 g6 7. c4 Bg7 8. Nc3 Nf6 9. Be2 0-0 10. 0-0 Qa5 11. Rb1 Be6 12. Rd1 Nd7 13. Bd2 Qc5 14. Na4 Qxe3 15. Bxe3 h6 16. Rbc1 Rab8 17. b3 Rfc8 18. Nc3 g5 19. h4 g4 20. Nh2 Nce5 21. Nf1 Bf6 22. Bxh6 Bxh4 23. g3 Bf6 24. Ne3 Kh7 25. Bf4 Kg6 26. Ncd5 Rh8 27. Kg2 Rh7 28. Rh1 Rbh8 29. Rxh7 Rxh7 30. Nc7 Nc5 31. Nxe6 fxe6 32. Bxe5 Bxe5 33. Nxg4 Bd4 34. f4 e5 35. Nh2 exf4 36. gxf4 e5 37. Rd1 Rd7 38. Nf3 Bc3 39. Rc1 Bb2 40. Rb1 Bc3 41. Rc1 Bb2 42. Rc2 Ba1 43. b4 Na4 44. fxe5 dxe5 45. c5 Rc7 46. Bc4 Bd4 47. Bd5 Kf6 48. Nxd4 exd4 49. Rf2+ Kg5 50. Kf3 a5 51. a3 axb4 52. axb4 Nc3 53. Rg2+ Kf6 54. Kf4 Rh7 55. e5+ Ke7 56. Bxb7 Rf7+ 57. Kg3 d3 58. Rd2 Ke6 59. Bc8+ Kxe5 60. Rxd3 Ne4+ 61. Kg2 Rf2+ 62. Kg1 Rb2 63. c6 Rxb4 64. Bh3 Rc4 65. Bg2 Rxc6 66. Re3 Rc4 67. Rxe4+ Rxe4 68. Bxe4 Kxe4 1/2-1/2

[Event "HUN-chT2 Erkel 1819"]
[Site "Hungary"]
[Date "2018.11.18"]
[Round "2.1"]
[White "Blasko, Istvan"]
[Black "Orgovan, Sandor"]
[Result "1/2-1/2"]
[WhiteElo "2322"]
[BlackElo "2148"]
[PlyCount "30"]
[EventDate "2018.10.28"]
[EventType "team-tourn"]
[EventRounds "9"]
[EventCountry "HUN"]
[SourceTitle "EXT 2021"]
[Source "ChessBase"]
[SourceDate "2020.10.23"]
[SourceVersion "1"]
[SourceVersionDate "2020.10.23"]
[SourceQuality "1"]
[WhiteTeam "Gyongyos Energia"]
[BlackTeam "Varosgazda Akademia"]
[WhiteTeamCountry "HUN"]
[BlackTeamCountry "HUN"]

1. d4 Nf6 2. c4 e6 3. Nf3 Bb4+ 4. Bd2 Qe7 5. g3 b6 6. Bg2 Bb7 7. 0-0 0-0 8. Nc3 d6 9. Rc1 Nbd7 10. Ne4 Nxe4 11. Bxb4 c5 12. Bc3 Rac8 13. dxc5 bxc5 14. Nd2 Nxc3 15. Rxc3 Ne5 1/2-1/2

[Event "HUN-chT2 Erkel 1718"]
[Site "Hungary"]
[Date "2017.09.24"]
[Round "1.4"]
[White "Orgovan, Sandor"]
[Black "Bednay, Dezso"]
[Result "1/2-1/2"]
[WhiteElo "2152"]
[BlackElo "2269"]
[PlyCount "21"]
[EventDate "2017.09.24"]
[EventType "team-tourn"]
[EventRounds "11"]
[EventCountry "HUN"]
[SourceTitle "EXT 2021"]
[Source "ChessBase"]
[SourceDate "2020.10.23"]
[SourceVersion "1"]
[SourceVersionDate "2020.10.23"]
[SourceQuality "1"]
[WhiteTeam "Sarkany DSE"]
[BlackTeam "Budapest EAC"]
[WhiteTeamCountry "HUN"]
[BlackTeamCountry "HUN"]

1. e4 c6 2. d4 d5 3. exd5 cxd5 4. Bf4 Nc6 5. c3 Nf6 6. Bd3 g6 7. Nd2 Bf5 8. Bxf5 gxf5 9. Ngf3 e6 10. Qb3 Qd7 11. Ne5 1/2-1/2

[Event "HUN-chT2 Breyer 1415"]
[Site "Hungary"]
[Date "2015.03.22"]
[Round "?"]
[White "Orgovan, Sandor"]
[Black "Teglas, Marton"]
[Result "1/2-1/2"]
[WhiteElo "2179"]
[BlackElo "2144"]
[PlyCount "29"]
[EventDate "2014.09.07"]
[EventType "team-tourn"]
[EventRounds "11"]
[EventCountry "HUN"]
[SourceTitle "EXT 2016"]
[Source "ChessBase"]
[SourceDate "2015.10.08"]
[SourceVersion "1"]
[SourceVersionDate "2015.10.08"]
[SourceQuality "1"]
[WhiteTeam "Hobagoly"]
[BlackTeam "Pestszentlorinc"]
[WhiteTeamCountry "HUN"]
[BlackTeamCountry "HUN"]

1. e4 c5 2. Nf3 d6 3. d4 cxd4 4. Nxd4 Nf6 5. Nc3 a6 6. Bg5 e6 7. f4 Nbd7 8. Qf3 Qc7 9. 0-0-0 Be7 10. g4 b5 11. Bxf6 Nxf6 12. g5 Nd7 13. h4 Bb7 14. Bd3 0-0-0 15. h5 1/2-1/2

[Event "HUN-chT2 Maroczy 1314"]
[Site "Hungary"]
[Date "2013.10.20"]
[Round "3"]
[White "Orgovan, Sandor"]
[Black "Csvila, Gabor"]
[Result "1/2-1/2"]
[WhiteElo "2174"]
[BlackElo "2219"]
[PlyCount "23"]
[EventDate "2013.09.08"]
[EventType "team-tourn"]
[EventRounds "11"]
[EventCountry "HUN"]
[SourceTitle "EXT 2016"]
[Source "ChessBase"]
[SourceDate "2015.10.08"]
[SourceVersion "1"]
[SourceVersionDate "2015.10.08"]
[SourceQuality "1"]
[WhiteTeam "Budapest MLTC II"]
[BlackTeam "Kisujszallas"]
[WhiteTeamCountry "HUN"]
[BlackTeamCountry "HUN"]

1. e4 c5 2. Nf3 d6 3. d4 cxd4 4. Nxd4 Nf6 5. Nc3 g6 6. Bc4 Bg7 7. 0-0 0-0 8. Re1 Nc6 9. h3 Nxd4 10. Qxd4 Bd7 11. Bg5 h6 12. Be3 1/2-1/2

[Event "HUN-chT2 Charousek 1213"]
[Site "Hungary"]
[Date "2013.04.07"]
[Round "10"]
[White "Szabo, Kristof"]
[Black "Orgovan, Sandor"]
[Result "0-1"]
[WhiteElo "2076"]
[BlackElo "2206"]
[PlyCount "36"]
[EventDate "2012.09.16"]
[EventType "team-tourn"]
[EventRounds "11"]
[EventCountry "HUN"]
[SourceTitle "EXT 2014"]
[Source "ChessBase"]
[SourceDate "2013.11.20"]
[SourceVersion "1"]
[SourceVersionDate "2013.11.20"]
[SourceQuality "1"]
[WhiteTeam "Fehervar"]
[BlackTeam "MLTC II"]
[WhiteTeamCountry "HUN"]
[BlackTeamCountry "HUN"]

1. e4 c5 2. Nf3 d6 3. Nc3 e6 4. g3 Nf6 5. Bg2 Nc6 6. 0-0 Qb6 7. Qe2 Bd7 8. e5 dxe5 9. Nxe5 Nxe5 10. Qxe5 Bc6 11. Ne4 Bxe4 12. Bxe4 Bd6 13. Qg5 Nxe4 14. Qxg7 Ke7 15. d3 Rag8 16. Qh6 Rg6 17. Qh4+ Nf6 18. f4 c4+ 0-1

[Event "HUN-chT2 Charousek 1112"]
[Site "Hungary"]
[Date "2012.03.11"]
[Round "7"]
[White "Novak, Attila Robert"]
[Black "Orgovan, Sandor"]
[Result "1/2-1/2"]
[WhiteElo "2151"]
[BlackElo "2225"]
[PlyCount "26"]
[EventDate "2011.09.25"]
[EventType "team-tourn"]
[EventRounds "11"]
[EventCountry "HUN"]
[SourceTitle "EXT 2013"]
[Source "ChessBase"]
[SourceDate "2012.11.22"]
[SourceVersion "1"]
[SourceVersionDate "2012.11.22"]
[SourceQuality "1"]
[WhiteTeam "Balatonfuered"]
[BlackTeam "MLTC II"]
[WhiteTeamCountry "HUN"]
[BlackTeamCountry "HUN"]

1. d4 Nf6 2. c4 g6 3. Nc3 Bg7 4. e4 d6 5. f3 0-0 6. Be3 Nbd7 7. Qd2 a6 8. Nge2 c6 9. g4 c5 10. Bh6 cxd4 11. Nxd4 Ne5 12. Bxg7 Kxg7 13. Be2 Be6 1/2-1/2

[Event "HUN-chT2 Charousek 1112"]
[Site "Hungary"]
[Date "2011.11.13"]
[Round "3"]
[White "Papagorasz, Takisz"]
[Black "Orgovan, Sandor"]
[Result "1/2-1/2"]
[WhiteElo "2171"]
[BlackElo "2225"]
[PlyCount "22"]
[EventDate "2011.09.25"]
[EventType "team-tourn"]
[EventRounds "11"]
[EventCountry "HUN"]
[SourceTitle "EXT 2013"]
[Source "ChessBase"]
[SourceDate "2012.11.22"]
[SourceVersion "1"]
[SourceVersionDate "2012.11.22"]
[SourceQuality "1"]
[WhiteTeam "Fehervar"]
[BlackTeam "MLTC II"]
[WhiteTeamCountry "HUN"]
[BlackTeamCountry "HUN"]

1. d4 Nf6 2. Nf3 d5 3. c4 e6 4. Nc3 Bb4 5. Bg5 Nbd7 6. cxd5 exd5 7. Qb3 Bxc3+ 8. Qxc3 0-0 9. e3 c6 10. Bd3 Qb6 11. 0-0 Re8 1/2-1/2

[Event "HUN-chT2 Maroczy 1011"]
[Site "Hungary"]
[Date "2010.11.07"]
[Round "5"]
[White "Toth, Daniel Heves"]
[Black "Orgovan, Sandor"]
[Result "1/2-1/2"]
[WhiteElo "2239"]
[BlackElo "2243"]
[PlyCount "87"]
[EventDate "2010.09.12"]
[EventType "team-tourn"]
[EventRounds "11"]
[EventCountry "HUN"]
[SourceTitle "EXT 2012"]
[Source "ChessBase"]
[SourceDate "2011.11.24"]
[SourceVersion "1"]
[SourceVersionDate "2011.11.24"]
[SourceQuality "1"]
[WhiteTeam "Fuzesabony"]
[BlackTeam "MLTC II"]
[WhiteTeamCountry "HUN"]
[BlackTeamCountry "HUN"]

1. d4 Nf6 2. c4 e6 3. Nc3 Bb4 4. g3 c5 5. Nf3 Ne4 6. Qd3 Qa5 7. Qxe4 Bxc3+ 8. Bd2 Bxd2+ 9. Nxd2 d5 10. cxd5 0-0 11. Bg2 exd5 12. Qd3 Nc6 13. 0-0 Nxd4 14. Nb3 Nxb3 15. axb3 Qb6 16. Bxd5 Be6 17. Bxe6 Qxe6 18. Qc4 Qe5 19. e3 a6 20. Qc3 Qxc3 21. bxc3 Rfd8 22. Rfd1 Kf8 23. Kf1 Ke7 24. Rxd8 Rxd8 25. Ke2 Rd6 26. e4 g5 27. Ra5 Rb6 28. Rxc5 Rxb3 29. Kd3 Rb2 30. Rxg5 Rxf2 31. Rh5 a5 32. Rxa5 Rxh2 33. Rb5 Rh3 34. Rxb7+ Ke6 35. Rb6+ Ke7 36. Kd4 Rxg3 37. Rh6 Rg7 38. e5 Rg1 39. Rxh7 Rd1+ 40. Ke4 Re1+ 41. Kd5 Rd1+ 42. Ke4 Re1+ 43. Kd4 Rd1+ 44. Ke4 1/2-1/2

[Event "HUN-chT2 Maroczy 1011"]
[Site "Hungary"]
[Date "2010.09.12"]
[Round "1"]
[White "Herpai, Jozsef"]
[Black "Orgovan, Sandor"]
[Result "1/2-1/2"]
[WhiteElo "2226"]
[BlackElo "2243"]
[PlyCount "50"]
[EventDate "2010.09.12"]
[EventType "team-tourn"]
[EventRounds "11"]
[EventCountry "HUN"]
[SourceTitle "EXT 2012"]
[Source "ChessBase"]
[SourceDate "2011.11.24"]
[SourceVersion "1"]
[SourceVersionDate "2011.11.24"]
[SourceQuality "1"]
[WhiteTeam "Maroczy"]
[BlackTeam "MLTC II"]
[WhiteTeamCountry "HUN"]
[BlackTeamCountry "HUN"]

1. Nf3 c5 2. c4 Nf6 3. b3 b6 4. g3 Bb7 5. Bg2 e6 6. 0-0 Be7 7. Bb2 0-0 8. Nc3 d5 9. cxd5 Nxd5 10. Nxd5 Bxd5 11. d3 Nd7 12. Qd2 Bf6 13. Rac1 Rc8 14. Bxf6 Qxf6 15. Qc3 Rfd8 16. Rfd1 Bxf3 17. Qxf6 Nxf6 18. Bxf3 Kf8 19. Kf1 a5 20. Bb7 Rc7 21. Bf3 Rcc8 22. Bb7 Rc7 23. Bf3 Rcc8 24. Bb7 Rc7 25. Bf3 Rcc8 1/2-1/2

[Event "HUN-chT2 Maroczy 0910"]
[Site "Hungary"]
[Date "2010.03.21"]
[Round "8"]
[White "Orgovan, Sandor"]
[Black "Meszaros, Matyas"]
[Result "1/2-1/2"]
[WhiteElo "2256"]
[BlackElo "2198"]
[PlyCount "69"]
[EventDate "2009.11.08"]
[EventType "team-tourn"]
[EventRounds "11"]
[EventCountry "HUN"]
[SourceTitle "EXT 2011"]
[Source "ChessBase"]
[SourceDate "2010.11.26"]
[SourceVersion "1"]
[SourceVersionDate "2010.11.26"]
[SourceQuality "1"]
[WhiteTeam "MLTC II"]
[BlackTeam "Penzugyor II"]
[WhiteTeamCountry "HUN"]
[BlackTeamCountry "HUN"]

1. e4 d5 2. exd5 Qxd5 3. Nc3 Qd6 4. d4 Nf6 5. Nf3 Bg4 6. h3 Bh5 7. g4 Bg6 8. Ne5 Nbd7 9. Bf4 Nd5 10. Qf3 Nxf4 11. Qxf4 0-0-0 12. 0-0-0 Qf6 13. Nxg6 hxg6 14. Qe4 g5 15. Kb1 e6 16. Bg2 c6 17. Qe3 Qf4 18. Ne4 Be7 19. Rhe1 Nb6 20. Qe2 Rhe8 21. a3 Nd5 22. c4 Nf6 23. Rd3 Nxe4 24. Qxe4 Qxe4 25. Bxe4 Bf6 26. Red1 Rd6 27. Kc2 Red8 28. d5 exd5 29. cxd5 c5 30. b4 c4 31. R3d2 b5 32. Re2 Kc7 33. Rg1 Bd4 34. Rg3 Be5 35. Rf3 1/2-1/2

[Event "HUN-chT2 Maroczy 0910"]
[Site "Hungary"]
[Date "2010.02.27"]
[Round "5"]
[White "Orgovan, Sandor"]
[Black "Kovacs, Tamas"]
[Result "1/2-1/2"]
[WhiteElo "2256"]
[BlackElo "2175"]
[PlyCount "61"]
[EventDate "2009.11.08"]
[EventType "team-tourn"]
[EventRounds "11"]
[EventCountry "HUN"]
[SourceTitle "EXT 2011"]
[Source "ChessBase"]
[SourceDate "2010.11.26"]
[SourceVersion "1"]
[SourceVersionDate "2010.11.26"]
[SourceQuality "1"]
[WhiteTeam "MLTC II"]
[BlackTeam "Miskolc EMSE"]
[WhiteTeamCountry "HUN"]
[BlackTeamCountry "HUN"]

1. e4 c5 2. Nf3 e6 3. d4 cxd4 4. Nxd4 a6 5. Nc3 Qc7 6. Bd3 Nf6 7. 0-0 Nc6 8. Be3 h5 9. h3 b5 10. Qe2 Bb7 11. Nxc6 dxc6 12. a4 b4 13. Nb1 h4 14. Nd2 c5 15. Bg5 Be7 16. f4 Rd8 17. e5 Rd4 18. c3 Rd8 19. Nc4 Nd5 20. Bxe7 Kxe7 21. Nd6 bxc3 22. bxc3 f5 23. Rac1 Bc6 24. Bc4 Qa5 25. Qf2 Rb8 26. Rb1 Rxb1 27. Rxb1 Qxc3 28. Qxc5 Qe3+ 29. Qxe3 Nxe3 30. Bf1 Rd8 31. a5 1/2-1/2

[Event "HUN-chT2 Maroczy 0910"]
[Site "Hungary"]
[Date "2010.01.17"]
[Round "4"]
[White "Kajari, Istvan"]
[Black "Orgovan, Sandor"]
[Result "0-1"]
[WhiteElo "2233"]
[BlackElo "2256"]
[PlyCount "64"]
[EventDate "2009.11.08"]
[EventType "team-tourn"]
[EventRounds "11"]
[EventCountry "HUN"]
[SourceTitle "EXT 2011"]
[Source "ChessBase"]
[SourceDate "2010.11.26"]
[SourceVersion "1"]
[SourceVersionDate "2010.11.26"]
[SourceQuality "1"]
[WhiteTeam "Gyula"]
[BlackTeam "MLTC II"]
[WhiteTeamCountry "HUN"]
[BlackTeamCountry "HUN"]

1. e4 c5 2. Nf3 d6 3. c3 Nf6 4. Qc2 Qc7 5. d4 cxd4 6. Nxd4 a6 7. h3 Nc6 8. Be3 Nxd4 9. Bxd4 e5 10. Be3 d5 11. Bd3 dxe4 12. Bxe4 Nxe4 13. Qxe4 f5 14. Qd5 f4 15. Bd2 Bd7 16. Na3 Bxa3 17. bxa3 0-0-0 18. Qb3 Bf5 19. 0-0-0 Rd3 20. Kb2 Rhd8 21. Kc1 Kb8 22. Rhe1 R8d5 23. a4 Qd6 24. Qb4 Rc5 25. g4 Bg6 26. h4 h6 27. h5 Bh7 28. Rxe5 Qxe5 29. Bxf4 Rcxc3+ 30. Kb2 Rb3+ 31. Kc2 Rdc3+ 32. Kd2 Rc2# 0-1

[Event "HUN-chT2 Maroczy 0809"]
[Site "Hungary"]
[Date "2009.02.22"]
[Round "8"]
[White "Orgovan, Sandor"]
[Black "Kevei, Peter"]
[Result "1/2-1/2"]
[WhiteElo "2253"]
[BlackElo "2243"]
[PlyCount "76"]
[EventDate "2008.10.26"]
[EventType "team-tourn"]
[EventRounds "11"]
[EventCountry "HUN"]
[SourceTitle "EXT 2010"]
[Source "ChessBase"]
[SourceDate "2010.11.25"]
[SourceVersion "1"]
[SourceVersionDate "2010.11.25"]
[SourceQuality "1"]
[WhiteTeam "MLTC II"]
[BlackTeam "Maroczy"]
[WhiteTeamCountry "HUN"]
[BlackTeamCountry "HUN"]

1. e4 c5 2. Nf3 Nc6 3. d4 cxd4 4. Nxd4 Nf6 5. Nc3 e5 6. Ndb5 d6 7. Bg5 a6 8. Na3 b5 9. Bxf6 gxf6 10. Nd5 Bg7 11. c3 f5 12. exf5 Bxf5 13. Nc2 0-0 14. a4 Bxc2 15. Qxc2 b4 16. Bd3 bxc3 17. bxc3 h6 18. 0-0 Ne7 19. Nxe7+ Qxe7 20. Be4 Rac8 21. c4 Rc5 22. Rfd1 Kh8 23. Ra3 d5 24. Bf5 Rxc4 25. Rc3 Rxc3 26. Qxc3 Qg5 27. g4 e4 28. Qc5 d4 29. Rxd4 e3 30. Re4 exf2+ 31. Qxf2 Rd8 32. Kg2 Bf6 33. Qe3 Rd2+ 34. Kf3 Rxh2 35. Qxg5 Bxg5 36. Re8+ Kg7 37. Ra8 Rh3+ 38. Kg2 Ra3 1/2-1/2

[Event "HUN-chT2 Maroczy 0809"]
[Site "Hungary"]
[Date "2009.01.11"]
[Round "5"]
[White "Orgovan, Sandor"]
[Black "Oros, Robert"]
[Result "1/2-1/2"]
[WhiteElo "2253"]
[BlackElo "2253"]
[PlyCount "31"]
[EventDate "2008.10.26"]
[EventType "team-tourn"]
[EventRounds "11"]
[EventCountry "HUN"]
[SourceTitle "EXT 2010"]
[Source "ChessBase"]
[SourceDate "2010.11.25"]
[SourceVersion "1"]
[SourceVersionDate "2010.11.25"]
[SourceQuality "1"]
[WhiteTeam "MLTC II"]
[BlackTeam "Munkacs"]
[WhiteTeamCountry "HUN"]
[BlackTeamCountry "HUN"]

1. e4 e5 2. Nf3 d6 3. d4 Nf6 4. Nc3 Nbd7 5. Bc4 Be7 6. 0-0 0-0 7. Re1 c6 8. a4 b6 9. Bg5 Bb7 10. Qd2 a6 11. Bb3 b5 12. axb5 axb5 13. Rxa8 Bxa8 14. dxe5 dxe5 15. Nh4 b4 16. Na4 1/2-1/2

[Event "HUN-chT2 Erkel 0708"]
[Site "Hungary"]
[Date "2008.04.27"]
[Round "10"]
[White "Kis, Jozsef"]
[Black "Orgovan, Sandor"]
[Result "1/2-1/2"]
[WhiteElo "2138"]
[BlackElo "2265"]
[PlyCount "29"]
[EventDate "2007.10.14"]
[EventType "team"]
[EventRounds "11"]
[EventCountry "HUN"]
[SourceTitle "EXT 2009"]
[Source "ChessBase"]
[SourceDate "2008.11.26"]
[SourceVersion "1"]
[SourceVersionDate "2008.11.26"]
[SourceQuality "1"]
[WhiteTeam "HMO"]
[BlackTeam "Statisztika II"]
[WhiteTeamCountry "HUN"]
[BlackTeamCountry "HUN"]

1. e4 c5 2. Nf3 d6 3. d4 cxd4 4. Nxd4 Nf6 5. Nc3 a6 6. Be2 e6 7. 0-0 Be7 8. f4 Qc7 9. g4 Nc6 10. Be3 Nxd4 11. Bxd4 e5 12. Be3 exf4 13. Rxf4 Be6 14. g5 Nd7 15. Nd5 1/2-1/2

[Event "HUN-chT2 Erkel 0708"]
[Site "Hungary"]
[Date "2008.03.30"]
[Round "9"]
[White "Orgovan, Sandor"]
[Black "Ruttkay, Peter"]
[Result "1/2-1/2"]
[WhiteElo "2265"]
[BlackElo "2156"]
[PlyCount "47"]
[EventDate "2007.10.14"]
[EventType "team"]
[EventRounds "11"]
[EventCountry "HUN"]
[SourceTitle "EXT 2009"]
[Source "ChessBase"]
[SourceDate "2008.11.26"]
[SourceVersion "1"]
[SourceVersionDate "2008.11.26"]
[SourceQuality "1"]
[WhiteTeam "Statisztika II"]
[BlackTeam "Godollo"]
[WhiteTeamCountry "HUN"]
[BlackTeamCountry "HUN"]

1. d4 g6 2. e4 Bg7 3. Nc3 d6 4. f4 a6 5. Nf3 b5 6. Bd3 Bb7 7. 0-0 Nd7 8. e5 e6 9. a4 b4 10. Ne4 Bxe4 11. Bxe4 d5 12. Bd3 c5 13. dxc5 Nxc5 14. Be3 Qa5 15. Qd2 Ne7 16. Qf2 Nd7 17. Nd4 0-0 18. Nb3 Qc7 19. Nc5 Nxc5 20. Bxc5 Qb7 21. c3 bxc3 22. b4 Rfc8 23. Qd4 Bf8 24. Qxc3 1/2-1/2

[Event "HUN-chT2 Erkel 0708"]
[Site "Hungary"]
[Date "2007.11.11"]
[Round "2"]
[White "Szlabey, Geza"]
[Black "Orgovan, Sandor"]
[Result "1/2-1/2"]
[WhiteElo "2132"]
[BlackElo "2265"]
[PlyCount "31"]
[EventDate "2007.10.14"]
[EventType "team"]
[EventRounds "11"]
[EventCountry "HUN"]
[SourceTitle "EXT 2009"]
[Source "ChessBase"]
[SourceDate "2008.11.26"]
[SourceVersion "1"]
[SourceVersionDate "2008.11.26"]
[SourceQuality "1"]
[WhiteTeam "Foti"]
[BlackTeam "Statisztika II"]
[WhiteTeamCountry "HUN"]
[BlackTeamCountry "HUN"]

1. e4 c5 2. Nf3 d6 3. Bb5+ Bd7 4. Bxd7+ Qxd7 5. 0-0 e6 6. c3 Nf6 7. d3 Nc6 8. a4 Be7 9. Bf4 0-0 10. Na3 Rfd8 11. Nc4 b6 12. Qc2 d5 13. Nce5 Nxe5 14. Bxe5 dxe4 15. dxe4 Qd3 16. Qxd3 1/2-1/2

[Event "HUN-chT2 Breyer 0607"]
[Site "Hungary"]
[Date "2007.04.15"]
[Round "8"]
[White "Orgovan, Sandor"]
[Black "Poor, Istvan"]
[Result "1/2-1/2"]
[WhiteElo "2244"]
[BlackElo "2251"]
[PlyCount "21"]
[EventDate "2006.11.12"]
[EventType "team"]
[EventRounds "11"]
[EventCountry "HUN"]
[SourceTitle "EXT 2008"]
[Source "ChessBase"]
[SourceDate "2007.11.25"]
[SourceVersion "1"]
[SourceVersionDate "2007.11.25"]
[SourceQuality "1"]
[WhiteTeam "Stat PSC II"]
[BlackTeam "Honved II"]
[WhiteTeamCountry "HUN"]
[BlackTeamCountry "HUN"]

1. e4 g6 2. d4 Bg7 3. Nc3 d6 4. f4 c6 5. Nf3 Bg4 6. Be3 Qb6 7. Qd2 Bxf3 8. gxf3 Nd7 9. 0-0-0 Qa5 10. Kb1 b5 11. h4 1/2-1/2

[Event "HUN-chT2 Breyer 0607"]
[Site "Hungary"]
[Date "2006.12.17"]
[Round "4"]
[White "Orgovan, Sandor"]
[Black "Vass, Lajos"]
[Result "1/2-1/2"]
[WhiteElo "2244"]
[BlackElo "2155"]
[PlyCount "31"]
[EventDate "2006.11.12"]
[EventType "team"]
[EventRounds "11"]
[EventCountry "HUN"]
[SourceTitle "EXT 2008"]
[Source "ChessBase"]
[SourceDate "2007.11.25"]
[SourceVersion "1"]
[SourceVersionDate "2007.11.25"]
[SourceQuality "1"]
[WhiteTeam "Stat PSC II"]
[BlackTeam "BEAC Rufusz II"]
[WhiteTeamCountry "HUN"]
[BlackTeamCountry "HUN"]

1. e4 e5 2. Nf3 Nf6 3. Nc3 Bb4 4. Nxe5 0-0 5. Be2 d6 6. Nf3 Bxc3 7. bxc3 Nxe4 8. Bb2 Nc6 9. c4 Ng5 10. Nxg5 Qxg5 11. 0-0 Bh3 12. Bf3 Rfe8 13. d3 Bd7 14. Qc1 Qxc1 15. Rfxc1 Rab8 16. Bxc6 1/2-1/2

[Event "HUN-chT2 Breyer 0607"]
[Site "Hungary"]
[Date "2006.11.26"]
[Round "2"]
[White "Katona, Ferenc"]
[Black "Orgovan, Sandor"]
[Result "1/2-1/2"]
[WhiteElo "2189"]
[BlackElo "2244"]
[PlyCount "26"]
[EventDate "2006.11.12"]
[EventType "team"]
[EventRounds "11"]
[EventCountry "HUN"]
[SourceTitle "EXT 2008"]
[Source "ChessBase"]
[SourceDate "2007.11.25"]
[SourceVersion "1"]
[SourceVersionDate "2007.11.25"]
[SourceQuality "1"]
[WhiteTeam "Kiraly Sakk"]
[BlackTeam "Stat PSC II"]
[WhiteTeamCountry "HUN"]
[BlackTeamCountry "HUN"]

1. e4 c5 2. d4 cxd4 3. c3 d3 4. c4 g6 5. Nf3 Bg7 6. Bxd3 d6 7. h3 Nf6 8. Nc3 0-0 9. 0-0 Nbd7 10. Qe2 b6 11. Rd1 Bb7 12. Bg5 Rc8 13. Rac1 Re8 1/2-1/2

[Event "HUN-chT2 Erkel 0506"]
[Site "Hungary"]
[Date "2006.04.23"]
[Round "11"]
[White "Radnoti, Bela"]
[Black "Orgovan, Sandor"]
[Result "1/2-1/2"]
[WhiteElo "2235"]
[BlackElo "2262"]
[PlyCount "28"]
[EventDate "2005.10.16"]
[EventType "team"]
[EventRounds "11"]
[EventCountry "HUN"]
[SourceTitle "EXT 2009"]
[Source "ChessBase"]
[SourceDate "2008.11.26"]
[SourceVersion "1"]
[SourceVersionDate "2008.11.26"]
[SourceQuality "1"]
[WhiteTeam "Dunaharaszti II"]
[BlackTeam "Stat PSC II"]
[WhiteTeamCountry "HUN"]
[BlackTeamCountry "HUN"]

1. d4 d5 2. Nf3 Nf6 3. Bf4 Bf5 4. e3 e6 5. Ne5 Bd6 6. Bd3 Bxd3 7. Nxd3 0-0 8. 0-0 Qe7 9. Nd2 Nbd7 10. c3 h6 11. Qe2 c5 12. Bxd6 Qxd6 13. Nxc5 Nxc5 14. dxc5 Qxc5 1/2-1/2